000 00200 a2200097 4500
020 _a9781616264161
041 _aspa
100 _aAnonimo
245 _a365 Historias para la hora de dormir
942 _cK
999 _c26754
_d26754